000 00284nam a22001217a 4500
020 _a978-0241-54200-2
040 _cCL
100 _aKissinger,Henry
_946579
245 _aHenry Kissinger Leadership
260 _aUK
_bPenguin Random House
_c2022
300 _a499p.
942 _2ddc
_cBK
999 _c612813
_d612813